| 000 | 01001nam a2200289 i 4500 | ||
|---|---|---|---|
| 003 | DO-SdBNP | ||
| 005 | 20250611073819.0 | ||
| 007 | ta | ||
| 008 | 240819s2023 dr d 000 j spa d | ||
| 020 | _a789945621976 | ||
| 020 | _a789945621969 (electronico) | ||
| 040 |
_aDO-SdBNP _bspa _cBNPHU _erda |
||
| 082 |
_222 _bR426manu |
||
| 110 | 1 |
_aRepública Dominicana. _bMinisterio de Salud Pública _980830 |
|
| 245 | 1 | 0 | _aManual de procedimientos para la evaluación de hospitales seguros y acreditación de evaluadores de hospitales seguros / |
| 264 | 1 |
_aSanto Domingo : _bMspas, _c2023. |
|
| 300 |
_a69 páginas, _bgrafícas _c28 cm. |
||
| 336 |
_2rdacontent _atexto _btxt |
||
| 337 |
_2rdamedia _asin mediación _bn |
||
| 338 |
_2rdacarrier _avolumen _bnc |
||
| 504 | _aBibliografía p: 23. | ||
| 590 | _aInventariado, 2024/ YL | ||
| 650 | 4 |
_aTuberculosis _xTratamiento _979001 |
|
| 710 | 1 |
_aMinisterio de Salud Pública y Asistencia Social _986348 |
|
| 910 | _aYLockward | ||
| 942 |
_2ddc _cLBS1 |
||
| 999 |
_c57475 _d57475 |
||